|
|
|
|
| LEADER |
00000nam0a2200000 4500 |
| 001 |
213782 |
| 005 |
20231101225837.0 |
| 010 |
|
|
|a 9785170638772
|
| 010 |
|
|
|a 978-5-271-34094-9
|
| 035 |
|
|
|a (RuTPU)RU\TPU\book\233613
|
| 090 |
|
|
|a 213782
|
| 100 |
|
|
|a 20120418d2011 m y0rusy50 ca
|
| 101 |
1 |
|
|a rus
|c eng
|
| 102 |
|
|
|a RU
|
| 105 |
|
|
|a y z 000ay
|
| 200 |
1 |
|
|a Колеса
|e роман: пер. с англ.
|f А. Хейли
|
| 210 |
|
|
|a Москва
|c АСТ
|c Астрель
|d 2011
|
| 215 |
|
|
|a 475 с.
|
| 225 |
1 |
|
|a Книга на все времена
|
| 330 |
|
|
|a Это — одна из современных империй. Бизнес-империя. Мир гигантской автомобильной компании. Мир, подобный совершенному, безупречному механизму. Но каждый из винтиков этого сложного механизма прежде всего — ЧЕЛОВЕК. Человек, подверженный бурным страстям — жажде любви и успеха, денег и власти. Страстям, которые переплетают людские судьбы в немыслимый клубок интриг, почти что «дворцовых» в своей тонкой изощренности...
|
| 610 |
1 |
|
|a американская литература
|
| 610 |
1 |
|
|a приключения
|
| 610 |
1 |
|
|a романы
|
| 675 |
|
|
|a 82
|v 3
|
| 700 |
|
1 |
|a Хейли
|b А.
|c американский писатель
|f 1920-2004
|g Артур
|2 stltpush
|3 (RuTPU)RU\TPU\pers\46398
|4 070
|9 22089
|
| 801 |
|
1 |
|a RU
|b 63413507
|c 20120418
|
| 801 |
|
2 |
|a RU
|b 63413507
|c 20200415
|g RCR
|
| 942 |
|
|
|c BK
|